Prof. G Ram Reddy Library

Blind Spot (Record no. 95397)

MARC details
000 -LEADER
fixed length control field 00550nam a2200193Ia 4500
003 - CONTROL NUMBER IDENTIFIER
control field LDD
008 - FIXED-LENGTH DATA ELEMENTS--GENERAL INFORMATION
fixed length control field 181029s9999 xx 000 0 und d
020 ## - INTERNATIONAL STANDARD BOOK NUMBER
International Standard Book Number 9780195374377
Terms of availability 495.00
040 ## - CATALOGING SOURCE
Transcribing agency LDD
100 ## - MAIN ENTRY--PERSONAL NAME
Personal name Marshall,Paul
245 #0 - TITLE STATEMENT
Title Blind Spot
Remainder of title when journalists Don't get religion
Statement of responsibility, etc. Paul Marshall
260 ## - PUBLICATION, DISTRIBUTION, ETC.
Place of publication, distribution, etc. London
Name of publisher, distributor, etc. OUP
Date of publication, distribution, etc. 2009
300 ## - PHYSICAL DESCRIPTION
Extent xix, 220p.
365 ## - TRADE PRICE
Price amount 495.00
901 ## - LOCAL DATA ELEMENT A, LDA (RLIN)
a 7122
b 24-02-2011
902 ## - LOCAL DATA ELEMENT B, LDB (RLIN)
a 9982
b 24-02-2011
c F
d UPPAL
e FTF
903 ## - LOCAL DATA ELEMENT C, LDC (RLIN)
a Discount-15
b Reqst by : Shambhunath Singh
942 ## - ADDED ENTRY ELEMENTS (KOHA)
Source of classification or shelving scheme Dewey Decimal Classification
Koha item type Books
Holdings
Withdrawn status Lost status Source of classification or shelving scheme Damaged status Not for loan Home library Current library Total Checkouts Full call number Barcode Date last seen Price effective from Koha item type
No   Dewey Decimal Classification     Library and Documentation Division Library and Documentation Division   070.4492 B619 078731 11/01/2018 11/01/2018 Books

© Prof. G Ram Reddy Centre Library, Indira Gandhi National Open University, Maidan Garhi, New Delhi, 110068
+91-011-29532797 | FAX+91-011-29533393 |